[Event "PER-ch U14 Girls"]
[Site "Lima"]
[Date "2016.02.06"]
[Round "7.3"]
[White "Cervantes Puma, Jarissa"]
[Black "Hilario Huaranca, Aleyla Karen"]
[Result "0-1"]
[WhiteElo "1401"]
[BlackElo "1793"]
[PlyCount "110"]
[EventDate "2016.02.02"]
[EventType "swiss"]
[EventRounds "9"]
[EventCountry "PER"]
[SourceTitle "EXT 2024"]
[Source "ChessBase"]
[SourceDate "2023.10.10"]
[SourceVersion "1"]
[SourceVersionDate "2023.10.10"]
[SourceQuality "1"]

1. e4 e6 2. d4 d5 3. Nc3 Bb4 4. a3 Bxc3+ 5. bxc3 dxe4 6. Qg4 Nf6 7. Qxg7 Rg8 8. Qh6 Rg6 9. Qh4 c5 10. Bb5+ Bd7 11. Bxd7+ Nbxd7 12. Ne2 cxd4 13. cxd4 Qc7 14. c3 0-0-0 15. Bf4 e5 16. Bg3 Qa5 17. 0-0 exd4 18. cxd4 b6 19. Qf4 Nd5 20. Rac1+ Kb7 21. Qxe4 Ka6 22. Qd3+ Qb5 23. Qxb5+ Kxb5 24. Nc3+ Nxc3 25. Rxc3 Rg4 26. Rb1+ Ka6 27. Rb4 Nf6 28. Ra4+ Kb5 29. Rb4+ Ka6 30. Ra4+ Kb5 31. Rxa7 Rgxd4 32. h3 R8d7 33. Rcc7 Rxc7 34. Rxc7 Rd7 35. Rxd7 Nxd7 36. Bd6 Ka4 37. g4 Nc5 38. Bc7 Nd7 39. Bd6 Nc5 40. Bc7 b5 41. Bd6 Nb7 42. Bb4 Na5 43. Kg2 Nc4 44. Be7 Nxa3 45. Kg3 Nc4 46. f4 b4 47. Bxb4 Kxb4 48. Kh4 Kc5 49. Kg5 Kd5 50. h4 Ke4 51. h5 Nd6 52. h6 Kf3 53. f5 Ne4+ 54. Kh4 Kf4 55. f6 Nxf6 0-1